[Event "292nd YMCA Autumn A"]
[Site "Warsaw"]
[Date "2024.10.01"]
[Round "1"]
[White "Kasperkiewicz, Pawel"]
[Black "Gluszko, Monika"]
[Result "1/2-1/2"]
[WhiteElo "1858"]
[BlackElo "1953"]
[PlyCount "68"]
[EventDate "2024.09.27"]
[EventType "tourn"]
[EventRounds "1"]
[EventCountry "POL"]
[SourceDate "2024.09.29"]

1. e4 c5 2. c3 d5 3. exd5 Qxd5 4. d4 Nf6 5. Nf3 e6 6. Na3 cxd4 7. Nb5 Na6 8.
Qxd4 Bc5 9. Qxd5 exd5 10. Nbd4 Nc7 11. Be2 O-O 12. O-O Re8 13. Be3 Ng4 14. Bf4
Ne6 15. Nxe6 Bxe6 16. Bb5 Rec8 17. Rad1 Nf6 18. Nd4 a6 19. Be2 Re8 20. Rfe1
Rac8 21. h3 Ne4 22. Be3 Bd7 23. Bf3 Bf8 24. Nb3 Bc6 25. Rd4 b5 26. a3 Ba8 27.
Red1 g6 28. Re1 f5 29. Red1 Bg7 30. R4d3 Be5 31. Bd4 Bf4 32. Be3 Be5 33. Bd4
Bf4 34. Be3 Be5 $11 1/2-1/2

[Event "292nd YMCA Autumn A"]
[Site "Warsaw"]
[Date "2024.10.16"]
[Round "1"]
[White "Zysko, Jan"]
[Black "Mazurek, Jerzy"]
[Result "1-0"]
[WhiteElo "2112"]
[BlackElo "1890"]
[PlyCount "59"]
[EventDate "2024.09.27"]
[EventType "tourn"]
[EventRounds "1"]
[EventCountry "POL"]
[SourceDate "2024.09.29"]

1. e4 c5 2. Nf3 Nc6 3. Bb5 Nf6 4. Nc3 e5 5. d3 d6 6. O-O Be7 7. Nd5 O-O 8. c3
h6 9. Re1 Re8 10. d4 cxd4 11. cxd4 Bd7 12. Nxe7+ Nxe7 13. Bc4 Qc7 14. Qb3 Rf8
15. Bd2 Nc6 16. Rac1 exd4 17. e5 Ng4 18. Bf4 Ngxe5 19. Bxe5 dxe5 20. Nxe5 Bf5
21. Bd5 Rae8 22. Bxf7+ Rxf7 23. Nxf7 Rxe1+ 24. Rxe1 Kh7 25. Qd5 Bg6 26. Ne5
Nxe5 27. Qxe5 Qc4 28. h4 Qxa2 29. Qxd4 Qa5 30. Re7 1-0

[Event "292nd YMCA Autumn A"]
[Site "Warsaw"]
[Date "2024.10.10"]
[Round "1"]
[White "Lewandrowski, Tomasz"]
[Black "Basiaga, Sebastian"]
[Result "0-1"]
[WhiteElo "1954"]
[BlackElo "1922"]
[PlyCount "44"]
[EventDate "2024.09.27"]
[EventType "tourn"]
[EventRounds "1"]
[EventCountry "POL"]
[SourceDate "2024.09.29"]

1. c4 c6 2. Nf3 d5 3. e3 Nf6 4. b3 Bf5 5. Bb2 e6 6. d3 h6 7. Be2 Nbd7 8. O-O
Bh7 9. Nbd2 Bd6 10. a4 Qe7 11. a5 a6 12. cxd5 exd5 13. Bxf6 Nxf6 14. d4 O-O 15.
Qc1 Rac8 16. Qb2 Rfe8 17. Rfc1 Ne4 18. Nxe4 Bxe4 19. Ne1 Qg5 20. Bf1 Re6 21.
Nd3 Qh5 22. g3 Qf3 0-1

[Event "292nd YMCA Autumn A"]
[Site "Warsaw"]
[Date "2024.09.26"]
[Round "1"]
[White "Borowy, Cezary"]
[Black "Bobinski, Lukasz"]
[Result "1/2-1/2"]
[WhiteElo "2007"]
[BlackElo "1909"]
[PlyCount "45"]
[EventDate "2024.09.27"]
[EventType "tourn"]
[EventRounds "1"]
[EventCountry "POL"]
[SourceDate "2024.09.29"]

1. d4 Nf6 2. c4 c5 3. d5 g6 4. Nc3 d6 5. e4 Bg7 6. h3 O-O 7. Nf3 e6 8. Bd3 exd5
9. cxd5 Re8 10. O-O c4 11. Bc2 b5 12. e5 dxe5 13. Nxb5 e4 14. Nd2 e3 15. fxe3
Qb6 16. Nc3 Qxe3+ 17. Kh1 Qg3 18. Qf3 Qxf3 19. Nxf3 Bb7 20. Nb5 Na6 21. Nd6 Re7
22. Nxc4 Bxd5 23. Ne3 $11 1/2-1/2

[Event "292nd YMCA Autumn A"]
[Site "Warsaw"]
[Date "2024.09.27"]
[Round "1"]
[White "Kaniak, Monika"]
[Black "Pettersson, Alexander"]
[Result "1/2-1/2"]
[WhiteElo "1862"]
[BlackElo "1842"]
[PlyCount "42"]
[EventDate "2024.09.27"]
[EventType "tourn"]
[EventRounds "1"]
[EventCountry "POL"]
[SourceDate "2024.09.29"]

1. d4 Nf6 2. c4 d6 3. Nc3 e5 4. Nf3 Nbd7 5. g3 g6 6. Bg2 Bg7 7. O-O O-O 8. e4
Re8 9. h3 exd4 10. Nxd4 Nc5 11. Re1 a5 12. Rb1 Nfd7 13. Be3 Ne5 14. Qe2 Bd7 15.
Red1 Qc8 16. Kh2 Nc6 17. Ndb5 Na7 18. Nxa7 Rxa7 19. Qd2 Bc6 20. f3 Ra8 21. h4
Qe6 $11 1/2-1/2

[Event "292nd YMCA Autumn A"]
[Site "Warsaw"]
[Date "2024.09.27"]
[Round "1"]
[White "Choroszej, Aleksander"]
[Black "Flis, Piotr"]
[Result "0-1"]
[WhiteElo "2070"]
[BlackElo "1979"]
[PlyCount "80"]
[EventDate "2024.09.27"]
[EventType "tourn"]
[EventRounds "1"]
[EventCountry "POL"]
[SourceDate "2024.09.29"]

1. d4 e6 2. c4 f5 3. g3 Nf6 4. Bg2 d5 5. Nc3 c6 6. Nf3 Bd6 7. Qb3 O-O 8. O-O
Nbd7 9. Ng5 Qe7 10. Nh3 Kh8 11. Bf4 Ne4 12. Nxe4 Bxf4 13. Nxf4 fxe4 $11 14. f3
exf3 15. Bxf3 Nb6 16. cxd5 exd5 17. Rad1 Bf5 18. Ng2 Rae8 19. Qc3 Bh3 20. b3
Nc8 21. Bh5 Bxg2 22. Kxg2 g6 23. Rxf8+ Rxf8 24. Bf3 Nd6 25. Re1 Qf6 26. Kg1 Nb5
27. Qe3 Qxd4 28. Qxd4+ Nxd4 29. Bg2 Nc2 30. Rc1 Ne3 31. Bf3 Kg7 32. Rc3 Re8 33.
Rd3 Nf5 34. Kf2 Nd6 35. a4 a5 36. Rd4 Re7 37. Rf4 h5 38. Rd4 Nf7 39. e4 dxe4
40. Bxe4 c5 0-1

[Event "292nd YMCA Autumn A"]
[Site "Warsaw"]
[Date "2024.09.27"]
[Round "1"]
[White "Pietrzak, Wojciech"]
[Black "Kowalski, Witold"]
[Result "0-1"]
[WhiteElo "1842"]
[BlackElo "1983"]
[PlyCount "118"]
[EventDate "2024.09.27"]
[EventType "tourn"]
[EventRounds "1"]
[EventCountry "POL"]
[SourceDate "2024.09.29"]

1. e4 c5 2. Nf3 Nc6 3. d4 cxd4 4. Nxd4 g6 5. c4 Nf6 6. Nc3 d6 7. f3 Nxd4 8.
Qxd4 Bg7 9. Be3 O-O 10. Qd2 a5 11. b3 Be6 12. Be2 Nd7 13. Rc1 Nc5 14. O-O Qb6
15. Rc2 Rfc8 16. Rb1 Qb4 17. Qc1 Qb6 18. g4 Qd8 19. Qf1 f5 20. exf5 gxf5 21. h3
Qe8 22. Re1 Qg6 23. Bxc5 Rxc5 24. Bd3 Qf7 25. gxf5 Bxf5 26. Ne4 Bd4+ 27. Kh1
Bxh3 28. Rg2+ Kh8 29. Nxc5 Bxc5 30. Ree2 Bxg2+ 31. Rxg2 Rg8 32. Rxg8+ Qxg8 33.
Be4 b6 34. Qg2 Qg7 35. Qxg7+ Kxg7 36. Kg2 Kf6 37. f4 h5 38. Kf3 h4 39. Bd3 h3
40. Kg3 Be3 41. Be4 h2 42. Kg4 Bg1 43. Bd5 e6 44. Be4 Be3 45. Bf3 Ke7 46. Be4
Kd7 47. Bg2 Kc7 48. Kf3 Bg1 49. f5 d5 50. fxe6 dxc4 51. bxc4 Kd6 52. Kg3 Kxe6
53. Bd5+ Kd6 54. Kg2 Kc5 55. Bg8 Kb4 56. Kh1 Ka3 57. Be6 Bc5 58. Kxh2 Kxa2 59.
Bd7 Kb3 0-1

[Event "292nd YMCA Autumn A"]
[Site "Warsaw"]
[Date "2024.10.04"]
[Round "2"]
[White "Gluszko, Monika"]
[Black "Kowalski, Witold"]
[Result "1-0"]
[WhiteElo "1953"]
[BlackElo "1983"]
[PlyCount "59"]
[EventDate "2024.09.27"]
[EventType "tourn"]
[EventRounds "1"]
[EventCountry "POL"]
[SourceDate "2024.09.29"]

1. e4 c5 2. Nf3 e6 3. d4 cxd4 4. Nxd4 Nc6 5. Nc3 Qc7 6. Be3 a6 7. Qd2 b5 8.
O-O-O Bb7 9. Kb1 Nf6 10. Bf4 Qb6 11. e5 Qxd4 12. Qxd4 Nxd4 13. exf6 Nf5 14. Bd3
Nh4 15. Ne4 Bxe4 16. Bxe4 d5 17. Bxd5 exd5 18. Rhe1+ Kd7 19. Rxd5+ Kc6 20. fxg7
Bxg7 21. Rd6+ Kc5 22. Red1 Rhc8 23. R1d5+ Kb4 24. Bd2+ Ka4 25. b3+ Ka3 26. Bc1+
Kb4 27. a3+ Ka5 28. Be3 Rab8 29. b4+ Ka4 30. Rxa6# 1-0

[Event "292nd YMCA Autumn A"]
[Site "Warsaw"]
[Date "2024.10.04"]
[Round "2"]
[White "Flis, Piotr"]
[Black "Pietrzak, Wojciech"]
[Result "1-0"]
[WhiteElo "1979"]
[BlackElo "1842"]
[PlyCount "37"]
[EventDate "2024.09.27"]
[EventType "tourn"]
[EventRounds "1"]
[EventCountry "POL"]
[SourceDate "2024.09.29"]

1. e4 e5 2. Nf3 Nc6 3. Bb5 a6 4. Bxc6 dxc6 5. O-O Bg4 6. h3 h5 7. d3 Qf6 8.
Nbd2 Bd6 9. Re1 Be6 10. d4 O-O-O 11. Qe2 g6 12. Nc4 Bxc4 13. Qxc4 Re8 14. dxe5
Bxe5 15. Bg5 Qe6 16. Nxe5 Qxe5 17. Qxf7 Ne7 18. Bf6 Qf4 19. Qe6+ 1-0

[Event "292nd YMCA Autumn A"]
[Site "Warsaw"]
[Date "2024.10.04"]
[Round "2"]
[White "Pettersson, Alexander"]
[Black "Choroszej, Aleksander"]
[Result "0-1"]
[WhiteElo "1842"]
[BlackElo "2070"]
[PlyCount "74"]
[EventDate "2024.09.27"]
[EventType "tourn"]
[EventRounds "1"]
[EventCountry "POL"]
[SourceDate "2024.09.29"]

1. d4 g6 2. c4 Bg7 3. Nf3 d6 4. e3 Nf6 5. Be2 O-O 6. O-O Nc6 7. Nc3 Bf5 8. d5
Na5 9. Nd4 Bd7 10. Bd2 c5 11. Nf3 a6 12. e4 b5 13. e5 Ng4 14. exd6 exd6 15.
cxb5 axb5 16. Nxb5 Qb6 17. a4 Bxb2 18. Ra2 Bg7 19. Bf4 Nf6 20. Re1 $11 Ne4 21.
Bd3 Bxb5 22. Rxe4 Bxd3 23. Qxd3 c4 24. Qc2 Rfe8 25. h3 Qc5 26. Rxe8+ Rxe8 27.
Qd1 c3 28. Be3 Qc4 29. Rc2 Nb3 30. Kh1 Qxa4 31. Qd3 Qb4 32. Ng1 Nc5 33. Qe2 Qe4
34. Qd1 Nd3 35. Ra2 Qxd5 36. Ra6 Qc4 37. Ra4 c2 0-1

[Event "292nd YMCA Autumn A"]
[Site "Warsaw"]
[Date "2024.10.03"]
[Round "2"]
[White "Bobinski, Lukasz"]
[Black "Kaniak, Monika"]
[Result "1-0"]
[WhiteElo "1909"]
[BlackElo "1862"]
[PlyCount "71"]
[EventDate "2024.09.27"]
[EventType "tourn"]
[EventRounds "1"]
[EventCountry "POL"]
[SourceDate "2024.09.29"]

1. d4 d5 2. c4 c6 3. Nf3 Nf6 4. Qc2 g6 5. Bf4 Bg7 6. e3 O-O 7. Nc3 a6 8. a4 Qa5
9. Ra3 dxc4 10. Bxc4 Bf5 11. Qb3 Bc8 12. Bxb8 Rxb8 13. Ne5 Qc7 14. Bxf7+ Kh8
15. h4 Nd7 16. h5 Nxe5 17. dxe5 g5 18. e6 b5 19. h6 Be5 20. axb5 cxb5 21. Ra1
Bb7 22. O-O Qc6 23. e4 g4 24. Nd5 Qd6 25. Rad1 g3 26. f4 Qc5+ 27. Kh1 Bd4 28.
Qxg3 Bxb2 29. Qg5 Bxd5 30. Rxd5 Qc4 31. Re1 Bf6 32. Qg3 b4 33. Rdd1 Qc3 34. Qg4
Rg8 35. Bxg8 Rxg8 36. Qxg8+ 1-0

[Event "292nd YMCA Autumn A"]
[Site "Warsaw"]
[Date "2024.10.02"]
[Round "2"]
[White "Basiaga, Sebastian"]
[Black "Borowy, Cezary"]
[Result "0-1"]
[WhiteElo "1922"]
[BlackElo "2007"]
[PlyCount "106"]
[EventDate "2024.09.27"]
[EventType "tourn"]
[EventRounds "1"]
[EventCountry "POL"]
[SourceDate "2024.09.29"]

1. d4 e6 2. e4 d5 3. Nd2 Nf6 4. e5 Nfd7 5. Bd3 c5 6. c3 Nc6 7. Ne2 cxd4 8. cxd4
f6 9. exf6 Nxf6 10. Nf3 Bd6 11. O-O Qc7 12. Nc3 a6 13. Bg5 O-O 14. Bh4 h6 15.
Re1 Nh5 16. Bg3 Nxg3 17. hxg3 Qf7 18. Qe2 Bd7 19. Rad1 g5 20. Bb1 Qg7 21. Qe3
g4 22. Nh4 Rf6 23. Re2 Raf8 24. Rdd2 Be8 25. a3 b5 26. b4 Bb8 27. a4 bxa4 28.
Nxa4 Nxd4 29. Qxd4 Bxa4 30. Bd3 Ba7 31. Qa1 Bb5 32. Bxb5 axb5 33. Qa2 Qc7 34.
Kh2 Qf7 35. f4 gxf3 36. gxf3 Bb8 37. f4 Qh5 38. Rg2 Rg6 39. Kg1 Rg7 40. Qc2
Ba7+ 41. Kf1 Be3 42. Rde2 d4 43. Qe4 Qg4 44. Nf3 Qf5 45. Qc6 Ra7 46. Ne1 Qh3
47. Rb2 Ra1 48. Ke2 Qf5 49. Nf3 Rc1 50. Qb7 Rfc8 51. Ne5 R8c7 52. Qxb5 Qe4 53.
Qd3 Qxg2# 0-1

[Event "292nd YMCA Autumn A"]
[Site "Warsaw"]
[Date "2024.10.11"]
[Round "2"]
[White "Mazurek, Jerzy"]
[Black "Lewandrowski, Tomasz"]
[Result "0-1"]
[WhiteElo "1890"]
[BlackElo "1954"]
[PlyCount "112"]
[EventDate "2024.09.27"]
[EventType "tourn"]
[EventRounds "1"]
[EventCountry "POL"]
[SourceDate "2024.09.29"]

1. Nf3 Nf6 2. g3 b6 3. Bg2 Bb7 4. c4 c5 5. d4 cxd4 6. O-O g6 7. a3 Bg7 8. Qxd4
O-O 9. Qd3 d6 10. Nc3 Nbd7 11. b3 Nc5 12. Qc2 e5 13. Rd1 Qe7 14. Bg5 Rfd8 15.
Ne1 e4 16. Rac1 h6 17. Bxf6 Bxf6 18. b4 Bxc3 19. Qxc3 Nd7 20. Qd2 Ne5 21. Qd4
f5 22. f4 Ng4 23. h3 Nf6 24. Nc2 d5 25. Ne3 dxc4 26. Qxc4+ Kf8 27. Qb5 Rxd1+
28. Rxd1 Rc8 29. Qa4 a6 30. Qb3 h5 31. Qb2 Qe6 32. Nc2 Kf7 33. Ne3 Bd5 34. Rc1
Bc4 35. Qc2 b5 36. a4 Qb6 37. Qd2 Rd8 38. a5 Qb8 39. Qc3 Nd5 40. Nxd5 Rxd5 41.
Bf1 Qd6 42. Kf2 h4 43. Qh8 hxg3+ 44. Kxg3 Qxb4 45. Qh7+ Kf8 46. Qxg6 Qa3+ 47.
Kg2 Qxc1 48. Qf6+ Ke8 49. Qe6+ Kd8 50. Qb6+ Ke7 51. Qc7+ Rd7 52. Qc5+ Rd6 53.
Qc8 Rg6+ 54. Kf2 Qxf4+ 55. Ke1 Qg3+ 56. Kd2 Rd6+ 0-1

[Event "292nd YMCA Autumn A"]
[Site "Warsaw"]
[Date "2024.10.10"]
[Round "2"]
[White "Kasperkiewicz, Pawel"]
[Black "Zysko, Jan"]
[Result "0-1"]
[WhiteElo "1858"]
[BlackElo "2112"]
[PlyCount "76"]
[EventDate "2024.09.27"]
[EventType "tourn"]
[EventRounds "1"]
[EventCountry "POL"]
[SourceDate "2024.09.29"]

1. e4 c5 2. c3 Nf6 3. e5 Nd5 4. d4 cxd4 5. Nf3 d6 6. cxd4 Nc6 7. Bc4 dxe5 8.
dxe5 Be6 9. O-O g6 10. Qe2 Bg7 11. Rd1 Qa5 12. Bd2 Qc5 13. Bb3 O-O 14. Nc3 Nxc3
15. Bxc3 Bxb3 16. axb3 e6 17. Qc4 Qe7 18. Qf4 Rad8 19. Qe4 Rxd1+ 20. Rxd1 Rd8
21. Qe2 Qc7 22. Rxd8+ Qxd8 23. Kf1 Qd5 24. Qc2 Qb5+ 25. Ke1 Nxe5 26. Nxe5 Bxe5
27. g3 Qd5 28. Ke2 Kg7 29. Qd3 Qxd3+ 30. Kxd3 Kf6 31. Ke4 Bxc3 32. bxc3 Ke7 33.
g4 g5 34. c4 Kd6 35. b4 b6 36. Kd4 f5 37. h3 a5 38. Kc3 Ke5 0-1

[Event "292nd YMCA Autumn A"]
[Site "Warsaw"]
[Date "2024.10.11"]
[Round "3"]
[White "Zysko, Jan"]
[Black "Gluszko, Monika"]
[Result "1-0"]
[WhiteElo "2112"]
[BlackElo "1953"]
[PlyCount "63"]
[EventDate "2024.09.27"]
[EventType "tourn"]
[EventRounds "1"]
[EventCountry "POL"]
[SourceDate "2024.09.29"]

1. d4 Nf6 2. Bf4 g6 3. Nf3 Bg7 4. e3 O-O 5. Be2 d6 6. h3 c5 7. c3 a6 8. O-O b5
9. a4 b4 10. cxb4 cxb4 11. a5 Nc6 12. Nbd2 Nd5 13. Bg3 e5 14. Nc4 Re8 15. Re1
e4 16. Nxd6 Re6 17. Nxc8 exf3 18. Bxf3 Rxc8 19. Qb3 Nde7 20. d5 Nxa5 21. Rxa5
Qxa5 22. dxe6 f5 23. Rd1 Qb5 24. Bh4 Bf8 25. Rd7 Rc1+ 26. Rd1 Rc8 27. Rd7 Rc1+
28. Kh2 Qc5 29. Bf6 a5 30. Qd3 f4 31. Rd8 fxe3 32. Rxf8+ 1-0

[Event "292nd YMCA Autumn A"]
[Site "Warsaw"]
[Date "2024.10.08"]
[Round "3"]
[White "Lewandrowski, Tomasz"]
[Black "Kasperkiewicz, Pawel"]
[Result "1-0"]
[WhiteElo "1954"]
[BlackElo "1858"]
[PlyCount "97"]
[EventDate "2024.09.27"]
[EventType "tourn"]
[EventRounds "1"]
[EventCountry "POL"]
[SourceDate "2024.09.29"]

1. d4 e6 2. Nc3 Nf6 3. Bf4 Bb4 4. Qd3 d5 5. a3 Bd6 6. Bg5 O-O 7. Nf3 Nbd7 8.
Nb5 Be7 9. Bf4 Ne8 10. e3 c6 11. Nc3 f5 12. h4 Nd6 13. Be2 Nc4 14. Nd1 a5 15.
a4 Nf6 16. b3 Nd6 17. Ne5 Nfe4 18. g3 c5 19. f3 Nf6 20. dxc5 Nf7 21. Nxf7 Rxf7
22. Nc3 Bxc5 23. O-O-O b6 24. Nb5 Ba6 25. Kb1 Rc8 26. h5 h6 27. Qd2 Qe8 28. Be5
Bb4 29. Qc1 Nd7 30. Bb2 Bf8 31. Qd2 Nc5 32. Rdg1 Be7 33. g4 fxg4 34. Rxg4 Bxb5
35. Bxb5 Qf8 36. Rhg1 Bf6 37. Bxf6 Rxf6 38. Qg2 Rc7 39. Be2 Rf5 40. Qh2 Rd7 41.
Rg6 Rf6 42. Qe5 Rxg6 43. Rxg6 Rf7 44. f4 Rf6 45. Qc7 Ne4 46. Bg4 Rxg6 47. hxg6
Nc5 48. Qxb6 Qe7 49. Qxa5 1-0

[Event "292nd YMCA Autumn A"]
[Site "Warsaw"]
[Date "2024.10.08"]
[Round "3"]
[White "Borowy, Cezary"]
[Black "Mazurek, Jerzy"]
[Result "1-0"]
[WhiteElo "2007"]
[BlackElo "1890"]
[PlyCount "149"]
[EventDate "2024.09.27"]
[EventType "tourn"]
[EventRounds "1"]
[EventCountry "POL"]
[SourceDate "2024.09.29"]

1. d4 Nf6 2. Nf3 g6 3. c4 Bg7 4. Nc3 O-O 5. e4 d6 6. Be2 e5 7. O-O Nbd7 8. Be3
Qe7 9. d5 Ng4 10. Bg5 f6 11. Bc1 f5 12. Ng5 Nb8 13. exf5 gxf5 14. Bxg4 fxg4 15.
Nge4 a5 16. Bg5 Qe8 17. f3 h6 18. Be3 Qg6 19. fxg4 Rxf1+ 20. Qxf1 Bxg4 21. Qf2
Bf5 22. Qh4 Na6 23. a3 Rf8 24. Rf1 b6 25. Rf3 Qg4 26. Qxg4 Bxg4 27. Rg3 h5 28.
h3 Bf5 29. Bh6 Rf7 30. Rg5 Bxe4 31. Nxe4 Nc5 32. Nxc5 bxc5 33. Bxg7 Rxg7 34.
Rxh5 Rg3 35. Rf5 Rd3 36. Rf3 Rd4 37. Rc3 a4 38. Kh2 Kg7 39. Kg3 Rf4 40. h4 Kg6
41. Kh3 Kh5 42. g3 Rd4 43. Rf3 Rxc4 44. g4+ Kg6 45. h5+ Kh6 46. Kh4 Rd4 47. Rf7
Re4 48. Rxc7 Rf4 49. Rd7 e4 50. Rxd6+ Kg7 51. Kg5 Rf7 52. Re6 Rd7 53. d6 e3 54.
Rxe3 Rxd6 55. Re7+ Kf8 56. Rc7 Rb6 57. h6 Kg8 58. Rxc5 Rxb2 59. Rc4 Rb5+ 60.
Kg6 Rb6+ 61. Kh5 Ra6 62. g5 Ra5 63. Rc6 Kh8 64. Rc8+ Kh7 65. Rc7+ Kg8 66. Kg4
Ra6 67. Re7 Kh8 68. Kf5 Kg8 69. g6 Ra5+ 70. Kf6 Ra6+ 71. Re6 Ra8 72. h7+ Kh8
73. Kg5 Kg7 74. Re7+ Kh8 75. Kh6 1-0

[Event "292nd YMCA Autumn A"]
[Site "Warsaw"]
[Date "2024.10.09"]
[Round "3"]
[White "Kaniak, Monika"]
[Black "Basiaga, Sebastian"]
[Result "1-0"]
[WhiteElo "1862"]
[BlackElo "1922"]
[PlyCount "66"]
[EventDate "2024.09.27"]
[EventType "tourn"]
[EventRounds "1"]
[EventCountry "POL"]
[SourceDate "2024.09.29"]

1. d4 d5 2. c4 c6 3. Nc3 e6 4. Nf3 dxc4 5. e3 b5 6. a4 Bb4 7. Bd2 a5 8. Ne5 Bb7
9. Qg4 g6 10. axb5 Bxc3 11. Bxc3 cxb5 12. d5 Nf6 13. Qf4 g5 14. Qxg5 Rg8 15.
Qh4 Bxd5 16. Nxc4 bxc4 17. Bxf6 Qd6 18. Qxh7 Kf8 19. e4 Qf4 20. exd5 Qxf6 21.
Bxc4 Rxg2 22. Qc2 Nd7 23. Kf1 Rg5 24. dxe6 fxe6 25. Qe4 Re8 26. h4 Rf5 27. Qe2
Ne5 28. Rxa5 Nf3 29. Rxf5 Qxf5 30. Bd3 Qf6 31. Rh3 Nxh4 32. Qe4 Nf5 33. Qb4+
Qe7 $138 1-0

[Event "292nd YMCA Autumn A"]
[Site "Warsaw"]
[Date "2024.10.10"]
[Round "3"]
[White "Choroszej, Aleksander"]
[Black "Bobinski, Lukasz"]
[Result "1/2-1/2"]
[WhiteElo "2070"]
[BlackElo "1909"]
[PlyCount "100"]
[EventDate "2024.09.27"]
[EventType "tourn"]
[EventRounds "1"]
[EventCountry "POL"]
[SourceDate "2024.09.29"]

1. d4 Nf6 2. c4 c5 3. d5 g6 4. Nc3 d6 5. e4 Bg7 6. f4 O-O 7. Nf3 e6 8. Be2 exd5
9. cxd5 Nbd7 10. O-O Re8 11. Qc2 Qc7 12. Kh1 a6 13. Re1 b5 14. Bf1 Bb7 15. Bd2
Re7 16. a4 b4 17. Nd1 Rae8 18. Nf2 b3 19. Qd3 c4 20. Qxc4 Qxc4 21. Bxc4 Nxe4
22. Nxe4 Rxe4 23. Bxb3 Nc5 24. Bc2 Rxe1+ 25. Bxe1 Bxb2 26. Rb1 Bf6 27. Bb4 Bxd5
28. Rd1 Re2 29. Bxc5 Rxc2 30. Bxd6 Bb3 31. Rb1 h6 32. Ne5 Bxa4 33. Rb8+ Kh7 34.
h3 Rd2 35. Rb6 Bd8 36. Rb4 Be8 37. Bf8 a5 38. Rb7 a4 39. f5 gxf5 40. Nxf7 Bxf7
41. Rxf7+ Kg8 42. Rxf5 Rd1+ 43. Kh2 Bc7+ 44. g3 h5 45. h4 Rd3 46. Be7 Rxg3 47.
Kh1 Rg7 48. Ba3 Rh7 49. Rf8+ Kg7 50. Ra8 Kg6 $11 1/2-1/2

[Event "292nd YMCA Autumn A"]
[Site "Warsaw"]
[Date "2024.10.11"]
[Round "3"]
[White "Pietrzak, Wojciech"]
[Black "Pettersson, Alexander"]
[Result "1/2-1/2"]
[WhiteElo "1842"]
[BlackElo "1842"]
[PlyCount "47"]
[EventDate "2024.09.27"]
[EventType "tourn"]
[EventRounds "1"]
[EventCountry "POL"]
[SourceDate "2024.09.29"]

1. e4 c6 2. d4 d5 3. e5 c5 4. dxc5 e6 5. Qg4 Ne7 6. Nf3 h5 7. Qf4 Ng6 8. Qe3
Qa5+ 9. Bd2 Qxc5 10. Nd4 Nc6 11. Bb5 Bd7 12. Bxc6 Bxc6 13. b4 Qb6 14. c3 a5 15.
a3 Be7 16. O-O axb4 17. cxb4 Nxe5 18. Qxe5 Bf6 19. Qd6 Bxd4 20. Bg5 f6 21.
Qxe6+ Kf8 22. Be3 Bxe3 23. fxe3 Re8 24. Rxf6+ $11 1/2-1/2

[Event "292nd YMCA Autumn A"]
[Site "Warsaw"]
[Date "2024.10.11"]
[Round "3"]
[White "Kowalski, Witold"]
[Black "Flis, Piotr"]
[Result "1-0"]
[WhiteElo "1983"]
[BlackElo "1979"]
[PlyCount "101"]
[EventDate "2024.09.27"]
[EventType "tourn"]
[EventRounds "1"]
[EventCountry "POL"]
[SourceDate "2024.09.29"]

1. e4 e6 2. d4 d5 3. Nd2 Nc6 4. Ngf3 Nf6 5. e5 Nd7 6. Bd3 Nb4 7. Be2 c5 8. c3
Nc6 9. O-O Qb6 10. Nb3 Be7 11. dxc5 Qc7 12. Bf4 Nxc5 13. Nxc5 Bxc5 14. Bd3 Bd7
15. Re1 Ne7 16. a4 Ng6 17. Bg3 a6 18. b4 Ba7 19. Rc1 b5 20. axb5 Bxb5 21. Qe2
Bxd3 22. Qxd3 O-O 23. Ra1 Qb7 24. Ra3 Rfc8 25. Rea1 Bb8 26. b5 a5 27. Rxa5 Rxa5
28. Rxa5 Rc5 29. h4 Bc7 30. Ra1 Qxb5 31. Qxb5 Rxb5 32. h5 Nf8 33. Bh4 Rb8 34.
Ra7 $11 Bb6 35. Ra6 Nd7 36. Be7 Rc8 37. Nd4 Bc5 38. Bd6 Bxd6 39. exd6 g6 40.
Ra7 Nf6 41. h6 Kf8 42. Nc6 Ke8 43. Re7+ Kf8 44. Rc7 Ra8 45. d7 Nxd7 46. Rxd7
Rc8 47. Ne5 f6 48. Rxh7 Rxc3 49. Rf7+ Ke8 50. h7 fxe5 51. Ra7 1-0

[Event "292nd YMCA Autumn A"]
[Site "Warsaw"]
[Date "2024.10.18"]
[Round "4"]
[White "Gluszko, Monika"]
[Black "Flis, Piotr"]
[Result "0-1"]
[WhiteElo "1953"]
[BlackElo "1979"]
[PlyCount "90"]
[EventDate "2024.09.27"]
[EventType "tourn"]
[EventRounds "1"]
[EventCountry "POL"]
[SourceDate "2024.09.29"]

1. e4 c6 2. d4 d5 3. f3 dxe4 4. fxe4 e5 5. Nf3 Bg4 6. Bc4 Nd7 7. O-O Ngf6 8.
Qe1 Bd6 9. Qg3 Qe7 10. Ng5 Bh5 11. d5 Nb6 12. Bb3 cxd5 13. exd5 Nbxd5 14. Ba4+
Kf8 15. Nc3 Nxc3 16. Qxc3 h6 17. Nf3 e4 18. Nd4 Qc7 19. Qh3 Qc4 20. Be3 Bg4 21.
Qh4 Qxa4 22. Rxf6 Be5 23. Rxf7+ Kxf7 24. Rf1+ Kg8 25. Qxg4 Qe8 26. Nf5 Qe6 27.
g3 Bxb2 28. Rd1 Rf8 29. Rd5 Be5 30. Rxe5 Qxe5 31. Bd4 h5 32. Qg6 Qc7 33. Nxg7
Qf7 34. Qxf7+ Rxf7 35. Ne6 Rh6 36. Ng5 Re7 37. Kf2 Ra6 38. a3 Ra5 39. h4 b6 40.
Ke3 Rxa3+ 41. c3 Ra1 42. Bf6 Re8 43. c4 Re1+ 44. Kf4 e3 45. Ne4 Rxe4+ 0-1

[Event "292nd YMCA Autumn A"]
[Site "Warsaw"]
[Date "2024.10.29"]
[Round "4"]
[White "Pettersson, Alexander"]
[Black "Kowalski, Witold"]
[Result "0-1"]
[WhiteElo "1842"]
[BlackElo "1983"]
[PlyCount "46"]
[EventDate "2024.09.27"]
[EventType "tourn"]
[EventRounds "1"]
[EventCountry "POL"]
[SourceDate "2024.09.29"]

1. d4 Nf6 2. Nf3 d5 3. e3 c5 4. dxc5 e6 5. c4 Bxc5 6. Nc3 O-O 7. cxd5 exd5 8.
Be2 Nc6 9. O-O Re8 10. Nb5 Ne4 11. Nbd4 Qf6 12. Qb3 Rd8 13. Rd1 Bg4 14. Nxc6
bxc6 15. Qc2 Bd6 16. h3 Bf5 17. Qa4 Bd7 18. Qd4 Qg6 19. Kf1 Qh6 20. Ng1 Qh4 21.
g3 Bxh3+ 22. Nxh3 Qxh3+ 23. Kg1 Bxg3 0-1

[Event "292nd YMCA Autumn A"]
[Site "Warsaw"]
[Date "2024.10.17"]
[Round "4"]
[White "Bobinski, Lukasz"]
[Black "Pietrzak, Wojciech"]
[Result "1/2-1/2"]
[WhiteElo "1909"]
[BlackElo "1842"]
[PlyCount "86"]
[EventDate "2024.09.27"]
[EventType "tourn"]
[EventRounds "1"]
[EventCountry "POL"]
[SourceDate "2024.09.29"]

1. Nf3 Nf6 2. c4 e6 3. g3 d5 4. d4 dxc4 5. Bg2 c6 6. Ne5 Bb4+ 7. Nc3 Nd5 8. Qc2
b5 9. O-O Bxc3 10. bxc3 O-O 11. Rd1 f6 12. Nf3 a5 13. e4 Nb6 14. Be3 Bb7 15. d5
exd5 16. e5 N6d7 17. exf6 Nxf6 18. Ng5 Bc8 19. Bd4 Qc7 20. Re1 h6 21. Bxf6 gxf6
22. Ne6 Bxe6 23. Rxe6 Ra7 24. Rae1 Qf7 25. Qd2 Kg7 26. Qd4 Rb7 27. Bf3 b4 28.
Qh4 b3 29. Bh5 Qd7 30. Qg4+ Kh8 31. Qf4 Qg7 32. Re8 bxa2 33. Qd6 Rxe8 34. Rxe8+
Kh7 35. Re1 Rb1 36. Qe6 Qd7 37. Qe2 Qb7 38. Kg2 Rxe1 39. Qxe1 Na6 40. Qe8 a1=Q
41. Qg6+ Kh8 42. Qe8+ Kg7 43. Qg6+ Kh8 1/2-1/2

[Event "292nd YMCA Autumn A"]
[Site "Warsaw"]
[Date "2024.10.16"]
[Round "4"]
[White "Basiaga, Sebastian"]
[Black "Choroszej, Aleksander"]
[Result "1/2-1/2"]
[WhiteElo "1922"]
[BlackElo "2070"]
[PlyCount "72"]
[EventDate "2024.09.27"]
[EventType "tourn"]
[EventRounds "1"]
[EventCountry "POL"]
[SourceDate "2024.09.29"]

1. e4 g6 2. d4 Bg7 3. Nc3 d6 4. Be3 a6 5. Qd2 b5 6. O-O-O Bb7 7. f3 Nd7 8. h4
h6 9. g4 Rc8 10. Nge2 e6 11. Ng3 Ne7 12. Kb1 b4 13. Na4 a5 14. Bb5 c6 15. Be2
Qc7 16. f4 O-O 17. f5 Kh7 18. g5 exf5 19. h5 c5 20. hxg6+ fxg6 21. dxc5 Nxc5
22. Nxc5 dxc5 23. Bf4 Qd8 24. Qe3 Qe8 25. Bc4 Bxe4 26. Nxe4 fxe4 27. gxh6 Bd4
28. Qxe4 Nc6 29. Rhe1 Qxe4 30. Rxe4 Rce8 31. Rxe8 Rxe8 32. Bb5 Re4 33. Bc7 Re6
34. Bf4 Re4 35. Bc7 Re6 36. Bf4 Re4 1/2-1/2